000 00384nam a22001937a 4500
003 UA-OsUOA
001 4931
007 ta
008 20050721b un ||||| |||| 00| 0 ukr d
100 _aNiles
700 _aO. S.
700 _aKatterjohn
700 _aE.
942 _cBK
040 _aUA-OsUOA
_cUA-OsUOA
_dUA-OsUOA
245 _aFocus.
_bReading
955 _a2
650 7 _2UDC
999 _c291093
_d291093